000 01354nam a2200337 4500
001 177332
003 ES-MaACL
005 20250822032137.0
008 110315s2008 sp |||| | spa d
017 _aM.52.275-2008
020 _a9788430948253
080 _a57:1
080 _a159.922.6/.8
080 _a111
100 1 _aCastro Nogueira, Laureano.
_936940
245 1 1 _a¿Quién teme a la naturaleza humana?
_b: "homo suadens" y el bienestar en la cultura: biología evolutiva, metafísica y ciencias sociales /
_cLaureano Castro Nogueira, Luis Castro Nogueira, Miguel Ángel Castro Nogueira.
260 _aMadrid :
_bTecnos,
_c[2008]
300 _a557 p. ;
_c24 cm.
504 _aBibliografía: p. 549-557.
650 0 7 _aBiología-
_xFilosofía.
_910585
650 0 7 _aPsicología evolutiva
_2embne
_916563
650 7 _aMetafísica
_2embne
_915012
700 1 _aCastro Nogueira, Luis.
_936941
700 1 _aCastro Nogueira, Miguel Ángel.
_936942
852 _aES-MaACL
_9184150
_jA-11036
_d Olim: N-4041
_cDEPO1
_x Donacion: Laureano Castro Nogueira ; Luis Castro Nogueira ; Miguel Ángel Castro Nogueira
903 _936940
_aCastro Nogueira, Laureano
_ednr
903 _936941
_aCastro Nogueira, Luis
_ednr
903 _936942
_aCastro Nogueira, Miguel Ángel
_ednr
942 _2udc
_cMONOGRAFIA
999 _c177332
_d177332